000 00749nam a22002777a 4500
001 0036719
003 KOHA_MİRAKIL
005 20260207003015.0
007 ta
008 120504b2011 tu |||gr||||#||||0|tur |
020 _a9789755113685
040 _aTR-BiSEU
_btur
_cTR-BiSEU
_erda
041 0 _atur
044 _ctu
050 _aTA684
_b.E99 2011
100 1 _aEyyubov, Cemal.
245 1 _aÇelik Yapılar/
_cCemal Eyyubov ; Cemal Eyyubov.
264 1 _aAnkara :
_bBirsen
_c2011
300 _a511 s. ;
_c21 cm
336 _ametin
_btxt
_2rdacontent
337 _aaracısız
_bn
_2rdamedia
338 _acilt
_bnc
_2rdacarrier
650 0 _aÇelik yapılar.
_91561
650 0 _aYapı malzemeleri--Çelik.
_960125
942 _2lcc
_cBK
999 _c36609
_d36609